Kasih sedarah

Bibliographic Details
Main Author: Norzilah Ismail
Format: Book
Published: Kuala Lumpur : DBP , 1994
Subjects:

MARC

LEADER 00000cam a2200000 7i4500
001 0000006539
002 000007053
005 20000330.0
020 |a 9836241825 
090 0 0 |a F   |b NOR 
100 0 |a Norzilah Ismail 
245 1 0 |a Kasih sedarah   |c Norzilah Ismail 
260 |a Kuala Lumpur :   |b DBP ,   |c 1994 
300 |a 155p. ;   |c 18cm. 
650 0 0 |a General fiction, Malay 
999 |a 039367   |b BUKU   |c FICTION   |e PERPUSTAKAAN KOMUNITI PETALING JAYA 
999 |a 039368   |b BUKU   |c PINJAMAN   |e PERPUSTAKAAN KOMUNITI PETALING JAYA